Statistiques concernant Effectif détaillé du SM Caen saison 2023-2024

Cliquez ici pour prendre le quiz!

Statistiques générales

  • Ce quiz a été pris 85 fois
  • Le résultat moyen est 16 sur 29

Statistiques - réponses

NationalitéAncien clubPosteNuméroRéponse% Correct
AlgérieAngers SCOGardien1Anthony Mandrea
91%
Guinée-BissauGirondins de BordeauxAttaquant19Alexandre Mendy
89%
TunisieParis FCDéfenseur2Ali Abdi
88%
FranceAJ AuxerreCoachJean-Marc Furlan
85%
FranceAngers SCODéfenseur29Romain Thomas
80%
FranceFC Sochaux-MontbéliardDéfenseur4Valentin Henry
79%
FranceUSL DunkerqueMilieu21Bilal Brahimi
74%
MartiniqueOGC NiceGardien16Yannis Clementia
74%
FranceFormé au SM CaenDéfenseur61Brahim Traoré
73%
FranceAJ AuxerreMilieu23Mathias Autret
71%
FrancePau FCMilieu6Quentin Daubin
70%
GhanaValenciennes FCDéfenseur91Emmanuel Ntim
64%
FranceFormé au SM CaenAttaquant7Tidiam Gomis
64%
BelgiqueFormé au SM CaenAttaquant9Norman Bassette
62%
FranceBrescia CalcioDéfenseur92Alexandre Coeff
59%
Côte d'IvoireAC AjaccioAttaquant10Caleb Zady Sery
56%
FranceFormé au SM CaenMiieu20Noé Lebreton
56%
FranceFormé au SM CaenMilieu17Godson Kyeremeh
42%
MarocFormé au SM CaenAttaquant22Mohamed Hafid
42%
FranceStade Brestois 29Attaquant8Yoann Court
38%
FranceFormé au SM CaenDéfenseur24Hugo Vandermersch
35%
FranceFormé au SM CaenDéfenseur3Diabé Bolumbu
33%
RussieEniseyDéfenseur5Vladislav Molchan
29%
FranceFC Sochaux-MontbéliardDéfenseur27Daylam Meddah
27%
FranceGrasshopper ZurichMilieu28Djibril Diani
27%
TunisieUS Quevilly RouenDéfenseur5Siam Ben Youssef
23%
FranceFormé au SM CaenGardien30Destiné Jopanguy
15%
FranceFormé au SM CaenMilieu14Daouda Koné
5%
Côte d'IvoireSOL FC d'AboboDéfenseur99Diedounne Debohi
0%

Distribution des résultats

Percentile par nombre de réponses

% des personnes avec chaque résultat

Votre développement - résultats

Vous n’avez pas pris ce quiz